000 00584nam a2200253Ia 4500
005 20260121160038.0
008 008 260114s9999 xx 000 0 eng d
020 _a9780429469800
037 _aEBOOK
040 _aCRL
040 _beng
040 _cCRL
041 _2eng
041 _aeng
084 _qCRL
100 _a T. Pullaiah
_91027054
245 0 _aGlobal Biodiversity
260 _bTaylor and Francis
260 _c2018
856 _uhttp://www.taylorfrancis.com/books/9780429469800
942 _cEBOOK
999 _c1593873
_d1593873